| 000 | 01091cam a2200265 i 4500 | ||
|---|---|---|---|
| 003 | SA-RiAUC | ||
| 005 | 20241015130658.0 | ||
| 008 | 241014s1990 su g 00000 ara c | ||
| 040 |
_aSA-RiKSU _bara _cSA-RiAUC _erda |
||
| 082 | 0 | 4 | _a231.4 |
| 090 |
_a231.4 ج ع ب _b ج ع ب |
||
| 100 | 1 |
_aالجعبري، إبراهيم بن عمر بن إبراهيم، _d640-732 هجري _eمؤلف. |
|
| 245 | 1 | 0 |
_aرسوخ الأحبار في منسوخ الأخبار / _cتصنيف برهان الدين الجعبري ؛ تحقيق بهاء محمد الشاهد. |
| 250 | _aالطبعة الأولى. | ||
| 264 | 1 |
_aالرياض : _bمكتبة الإمام الشافعي، _c[1990] |
|
| 300 |
_a367 صفحة ؛ _c24 سم |
||
| 336 |
_aنص _btxt _2rdacontent _3كتاب |
||
| 337 |
_aبدون وسيط _bn _2rdamedia |
||
| 338 |
_aمجلد _bnc _2rdacarrier |
||
| 650 | 7 |
_aالحديث _xالناسخ والمنسوخ _2aucsh |
|
| 700 | 1 |
_aالشاهد، بهاء محمد _eمحقق. |
|
| 942 |
_2ddc _cBOOK _n0 |
||
| 949 |
_aSA-JeALM _d241014 _umohamedma123 _n1 |
||
| 999 |
_c1352 _d1352 |
||